Katseye line distribution, most + least lines - Statistics

General Stats
  • This quiz has been taken 13 times
  • The average score is 23 of 30
Answer Stats
Hint Answer % Correct
Debut Megan 45.35s
100%
Gabriela Megan 17.92s
100%
Gabriela Daniela 51.27s
91%
Debut Manon 11.15s
91%
Touch Manon 25.36s
91%
I'm Pretty Manon 12.85s
91%
Flame Manon 7.4s
91%
Gnarly Manon 12.01s
91%
Tonight I Might Sophia 31.9s
91%
Flame Sophia 26.0s
91%
Gnarly Sophia 25.54s
91%
Touch Daniela 14.78s
82%
I'm Pretty Daniela 25.28s
82%
My Way Lara 45.72s
82%
Gameboy Lara 40.42s
82%
My Way Yoonchae 9.18s
82%
Tonight I Might Yoonchae 9.3s
82%
M.I.A Daniela 16.8s
73%
M.I.A Sophia 20.3s
73%
Time Lapse Manon 10.3s
64%
Monster High Fright Song Manon 15.3s
64%
Gameboy Megan 21.51s
64%
Mean Girls Megan 38.87s
64%
Mean Girls Yoonchae 18.67s
64%
Internet Girl Daniela 10.39s
55%
Pinky Up Daniela 16.0
55%
Internet Girl Lara 37.10s
55%
Pinky Up Manon 0.0
55%
Monster High Fright Song Megan 32.0s
55%
Time Lapse Yoonchae 53.4s
55%
No matching quizzes found
Score Distribution
Percent of People with Each Score
Percentile by Number Answered
Your Score History
You have not taken this quiz